000 00523nam a2200169 i 4500
001 130122
003 ES-MaACL
007 t|
008 070719s1948 sp ||||1| spa d
100 1 _aZweig, Stefan,
_d1881-1942
_9118562
245 1 0 _aBalzac /
_cStefan Zweig ; [traducción de Arístides Gamboa].
260 _aBarcelona :
_bHispano Americana de Ediciones,
_c[1948]
300 _a585 p. ;
_c19 cm.
700 1 _aGamboa, Aristides.
_953763
852 _aES-MaACL
_jE-260
_bR.26400
999 _c130122
_d130122